000 00291nam a2200133Ia 4500
008 221030s9999 xx 000 0 und d
082 _a105.23
100 _aPranav Gupta/97
245 0 _aCustomer Support System
250 _a2005
260 _aJammu
_c2005
650 _aMCA
942 _cTH
999 _c6145
_d6145